Všeobecný úvod do Písma svatého Starého zákona /

Uložené v:
Podrobná bibliografia
Hlavný autor: Kotalík, František
Médium: Kniha
Jazyk:Czech
Vydané: Praha : Katedra biblických věd, 1972.
Vydanie:[1. vyd.]
Témy:
ISBN: (brož.)
Fyzický popis: 115 s. ; 20 cm.
Tagy: Pridať tag
Žiadne tagy, Buďte prvý kto otaguje tento záznam!

MARC

LEADER 00000nam a2200000ua 4500
001 000445913
005 20140414131620.0
008 040917s1972 xr f p 000 0 cze d
020 |a (brož.) 
040 |a SVKKK  |b slo  |c SVKKK  |e AACR2 
041 0 |a cze 
044 |a xr  |c CZ 
072 7 |a 2-23/-27  |x Biblia. Biblistika  |2 konspekt 
072 7 |a 37.016  |x Učebné osnovy. Vyučovacie predmety. Učebnice  |2 konspekt 
080 |a 27-23  |2 2001 
080 |a (075.8)  |2 2001 
100 1 |a Kotalík, František 
245 1 0 |a Všeobecný úvod do Písma svatého Starého zákona /  |c František Kotalík. 
246 3 6 |a Všeobecný úvod do Starého zákona 
250 |a [1. vyd.] 
260 |a Praha :  |b Katedra biblických věd,  |c 1972. 
300 |a 115 s. ;  |c 20 cm. 
500 |a Obalový názov 
630 0 7 |a Biblia  |p S.Z.  |p N.Z.  |2 SVKKKPH 
655 7 |a učebnice vysokých škôl  |2 SVKKKPH 
910 |a svkkk 
998 |a BK 
090 |g SCKHL  |k Sklad Hlavná 10 prízemie  |a III.228202  |j 1051422  |i 2720307353  |s Absenčne